Dibrugarh: (Record no. 12295)

MARC details
000 -LEADER
fixed length control field 00594nam a22002057a 4500
005 - DATE AND TIME OF LATEST TRANSACTION
control field 20251120065956.0
008 - FIXED-LENGTH DATA ELEMENTS--GENERAL INFORMATION
fixed length control field 251120b |||||||| |||| 00| 0 eng d
020 ## - INTERNATIONAL STANDARD BOOK NUMBER
International Standard Book Number 9788192178127
040 ## - CATALOGING SOURCE
Original cataloging agency IN-DiNC
Transcribing agency IN-DiNC
041 ## - LANGUAGE CODE
Language code of sung or spoken text Assamese
082 ## - DEWEY DECIMAL CLASSIFICATION NUMBER
Classification number 954.162
Item number DIB
245 ## - TITLE STATEMENT
Title Dibrugarh:
Statement of responsibility, etc. ed. by Biren Boruah and Ashifa Sobhan
250 ## - EDITION STATEMENT
Edition statement 1st ed.
260 ## - PUBLICATION, DISTRIBUTION, ETC.
Place of publication, distribution, etc. Guwahati:
Name of publisher, distributor, etc. Assam College Teachers Association,
Date of publication, distribution, etc. 2015.
300 ## - PHYSICAL DESCRIPTION
Extent 320p.
650 ## - SUBJECT ADDED ENTRY--TOPICAL TERM
Topical term or geographic name entry element Articles on all aspects of Dibrugarh District
700 ## - ADDED ENTRY--PERSONAL NAME
Personal name Boruah, Biren
Relator term Editor
700 ## - ADDED ENTRY--PERSONAL NAME
Personal name Sobhan, Ashifa
Relator term Editor
942 ## - ADDED ENTRY ELEMENTS (KOHA)
Source of classification or shelving scheme Dewey Decimal Classification
Koha item type Books
Holdings
Withdrawn status Lost status Source of classification or shelving scheme Damaged status Not for loan Collection code Home library Current library Shelving location Date acquired Cost, normal purchase price Total Checkouts Full call number Barcode Date last seen Date last checked out Copy number Price effective from Koha item type
    Dewey Decimal Classification     History Central Library, Naharkatiya College Central Library, Naharkatiya College General Stacks 20/11/2025 600.00 1 954.162 DIB 25772 26/11/2025 20/11/2025 1 20/11/2025 Books

Naharkatiya College © 2020. All rights reserved.

Powered By